000 00915nam a2200229Ii 4500
003 JO-AjNU
008 230605s9999||||xx |||||||||||||| ||und||
017 _a1995/8249
020 _a977-282-004-8
040 _aJO-AjNU
_bara
_erda
_cJO-AjNU
041 _aara
050 1 4 _aHD31.D77312.1996
100 3 _aدراكر،بيتر؛ترجمة محمد عبدالكريم؛مراجعة نادية الهادي,
_eauthor
_917430
245 0 0 _aالادارة(المهام-المسئوليات-التطبيقات):الجزء الثاتي المدير=MANAGEMENT (TASKS,RESPONSIBLITIES,PRACTICES
250 _aط1
264 3 1 _aالقاهرة:الدار الدولية للنشر والتوزيع،1996
300 _a277ص
336 _atext
_btxt
_2rdacontent
337 _aunmediated
_bn
_2rdamedia
338 _avolume
_bnc
_2rdacarrier
650 4 _aادارة الاعمال-الادارة التنفيذية
_917431
999 _aA5381
_c8949
_d8949